000 00565nam a22001931 4500
001 126270
003 ES-SlBCS
005 20210327224308.0
008 201022s1955 sp spa
040 _aSpMaBN
_bspa
_cCDM
_dES-SlBCS
080 _a159.925.6(02)
100 1 _aXandró, Mauricio
_d1924-2015
_9119668
245 1 0 _aGrafología
_b: (tratado de iniciación)
_cMauricio Xandro
260 _aMadrid :
_bStudium,
_c[1955]
300 _a102 p. ;
_c19 cm
490 0 _aColección "Problemas de hoy"
_v; 20
650 4 _aGrafología
_9119669
942 _2lcc
_cBK
999 _c487802
_d487802